00723 2200217 4500001002100000005001700021008004100038035002400079082001000103090002100113100001400134245014800148260002800296300003200324500007800356500002900434650001200463850000900475985000600484999001500490YOGYA-0209000007252120090227093630.0 ind  0010-020900000072521 a631.7 a631.7bSuw AlSK aSUWARTINI aAnalisis pengelolaan irigasi pada proyek penyerapan jaringan irigasi kecil (PIK) di Kabupaten Sleman Daerah Istimewa Yogyakartacoleh Suwartini aYogyakartab[s.n]c1994 aix,92[16]lembarbilusc30cm aSkripsi Fakultas Teknologi Pertanian Institut Pertanian Stiper Yogyakarta aBibliogrfi:lembar[93-94] aIrigasi aBPAD a1 a08A0036443